logo

Bir Sreshtho Munshi Abdur Rouf Library
Jhenaidah Cadet College

Washington : (Record no. 7315)

MARC details
000 -LEADER
fixed length control field 03255cam a2200361 a 4500
001 - CONTROL NUMBER
JCCL Control Number 7315
003 - CONTROL NUMBER IDENTIFIER
JCCL marc code BD-JhCC
005 - DATE AND TIME OF LATEST TRANSACTION
control field 20180207192156.0
008 - FIXED-LENGTH DATA ELEMENTS--GENERAL INFORMATION
fixed length control field 100510s2010 nyuaf b 001 0beng
020 ## - INTERNATIONAL STANDARD BOOK NUMBER
International Standard Book Number 9781594202667
020 ## - INTERNATIONAL STANDARD BOOK NUMBER
International Standard Book Number 1594202664
035 ## - SYSTEM CONTROL NUMBER
system control number (BD-JhCC)7315
040 ## - CATALOGING SOURCE
Original cataloging agency DLC
Transcribing agency DLC
Modifying agency BTCTA
-- YDXCP
-- UPZ
-- C#P
-- BWX
-- CDX
-- NSB
-- LMR
-- VP@
-- LML
-- MNW
-- DLC
-- BD-JhCC
041 ## - LANGUAGE CODE
Language code of Book eng
050 00 - LIBRARY OF CONGRESS CALL NUMBER
Classification number E312
Item number .C495 2010
082 00 - DEWEY DECIMAL CLASSIFICATION NUMBER
Classification number 973.4/1092
-- B
DDC Edition number 22
Author mark and Year CHE 2010
100 1# - MAIN ENTRY--PERSONAL NAME
Personal name Chernow, Ron.
245 10 - TITLE STATEMENT
Title Washington :
Remainder of title a life /
Statement of responsibility, etc Ron Chernow.
260 ## - PUBLICATION, DISTRIBUTION, ETC. (IMPRINT)
Place of publication, distribution, etc New York :
Name of publisher, distributor, etc Penguin Press,
Date of publication, distribution, etc 2010.
300 ## - PHYSICAL DESCRIPTION
Pagination xxi, 904 p., [16] p. of plates :
Other physical details ill. ;
Dimensions 25 cm.
504 ## - BIBLIOGRAPHY, ETC. NOTE
Bibliography, etc Includes bibliographical references (p. [859]-867) and index.
505 0# - FORMATTED CONTENTS NOTE
Formatted contents note Prelude: the portrait artist -- PART ONE: The frontiersman. A short-lived family -- Fortune's favorite -- Wilderness mission -- Bloodbath -- Shades of death -- The soul of an army -- A votary to love -- Darling of a grateful country -- PART TWO: The planter. The man of mode -- A certain species of property -- The prodigy -- Providence -- A world of his own -- The Asiatic prince -- A shock of electricity -- PART THREE: The general. The glorious game -- Magnificent bluff -- Land of freedom -- The heights -- All London afloat -- Disaster -- An indecisive mind -- The crossing -- The busy scenes of a camp -- Darkness visible -- Rapping a demigod over the knuckles -- A dreary kind of place -- The long retreat -- Pests of society -- The storm thickens -- The traitor -- Mutiny -- Plundering scoundrels -- The world turned upside down -- Man of moderation -- Closing the drama with applause -- Cincinnatus -- PART FOUR: The statesman. American celebrity -- Gentleman farmer -- Devil's bargain -- The ruins of the past -- A masterly hand -- A house on fire -- Rising sun -- Mounting the seat -- PART FIVE: The president. The place of execution -- Acting the presidency -- The cares of office -- Rays of genius -- The traveling presidency -- The state of the president -- Capital matters -- Southern exposure -- Running into extremes -- A tissue of machinations -- Citizen Genet -- Bring out your dead -- Hercules in the field -- Crowns and coronets -- Mad dog -- The colossus of the people -- The master of farewells -- Exiting the stage -- PART SIX:The legend. Samson and Solomon -- A mind on the stretch -- Freedom -- Homecoming.
520 ## - SUMMARY, ETC.
Summary, etc In "Washington : a Life" celebrated biographer Ron Chernow provides a richly nuanced portrait of the father of our nation, dashing forever the stereotype of a stolid, unemotional man, and revealing an astute and surprising portrait of a canny political genius who knew how to inspire people.
600 10 - SUBJECT ADDED ENTRY--PERSONAL NAME
Personal name Washington, George,
Dates associated with a name 1732-1799.
650 #0 - SUBJECT ADDED ENTRY--TOPICAL TERM
Topical term or geographic name as entry element Presidents
Geographic subdivision United States
Form subdivision Biography.
650 #0 - SUBJECT ADDED ENTRY--TOPICAL TERM
Topical term or geographic name as entry element Generals
Geographic subdivision United States
Form subdivision Biography.
651 #0 - SUBJECT ADDED ENTRY--GEOGRAPHIC NAME
Geographic name United States
General subdivision History
Chronological subdivision 1783-1815.
856 42 - ELECTRONIC LOCATION AND ACCESS
Materials specified Contributor biographical information
Uniform Resource Identifier http://www.loc.gov/catdir/enhancements/fy1106/2010019154-b.html
856 42 - ELECTRONIC LOCATION AND ACCESS
Materials specified Publisher description
Uniform Resource Identifier http://www.loc.gov/catdir/enhancements/fy1106/2010019154-d.html
856 41 - ELECTRONIC LOCATION AND ACCESS
Materials specified Sample text
Uniform Resource Identifier http://www.loc.gov/catdir/enhancements/fy1204/2010019154-s.html
942 ## - ADDED ENTRY ELEMENTS (KOHA)
Source of classification or shelving scheme Dewey Decimal Classification
Koha item type Books
Holdings
Source of classification or shelving scheme Damaged status Not for loan Home library Current library Shelving location Total Checkouts Full call number Barcode Date last seen Copy number Koha item type
Dewey Decimal Classification     JCC Rouf Library JCC Rouf Library General Stacks   973.4/1092 CHE 2010 9944 02/07/2018 C - 1 Books

JCC Library | Contacts | JCC Home

Last Update on 23 September 2017
Copyright @ 2017-2020 JCC Rouf Library
Rouf Library, Jhenidah Cadet College (JCC), Bangladesh